Представление документа в формате RUSMARC

ПолеНазваниеЗначение
  Тип записи a
  Библиографический уровень m
001 Контрольный номер RU/SLIB/B/208706890
005 Дата корректировки 20241102111826.5
010 Индекс ISBN __
d Цена 25-03
101 Язык документа __
a Язык текста rus
c Язык оригинала rus
200 Заглавие и сведения об ответственности 0_
a Заглавие Александр Вертинский: Портрет на фоне времени
f Первые сведения об ответственности Макаров А. С.
b Общее обозначение материала Текст
210 Выходные данные __
a Место издания М.
c Издательство Олимп
c Издательство Русич
d Дата издания 1998
215 Физическое описание __
a Объем 446 с., [8 л.] ил.
225 Серия __
a Серия Человек-легенда
600 Персоналии __
a Персоналии (Фамилия) Вертинский, А. Н.
606 Тематические рубрики __
a Основная рубрика Музыка и зрелищные искусства
606 Тематические рубрики __
a Основная рубрика Виды и жанры эстрады
610 Ключевые слова __
a Ключевые слова актеры; персоналии; музыкальное творчество; эстрадные актеры
686 Индексы других классификаций __
2 Код системы rubbks
a Классификационный индекс 85.364.1(2)-8; ст85.36(2)
700 Автор _1
a Фамилия Макаров
b Имя А. С.
4 Код отношения 070
801 Источник записи _0
a Страна RU
b Организация Муниципальное бюджетное учреждение культуры "Централизованная библиотечная система" г. Сургут (Центральная городская библиотека им. А. С. Пушкина)
g Правила каталогизации ОБ/Гудкова
801 Источник записи _1
a Страна RU
b Организация Муниципальное бюджетное учреждение культуры "Централизованная библиотечная система" г. Сургут (Центральная городская библиотека им. А. С. Пушкина)
g Правила каталогизации ОБ/Гудкова
852 Данные о местонахождении __
j Шифр хранения 85.364.1(2)-8
c Каталожный индекс 85.364.1(2)-8
i Авторский знак М 15
p Инвентарный номер 73499
901 Тип документа __
t Тип документа m
903 Характеристики (МАРС) __
a Дата передачи 19991018
990 Данные о заказе (DOS) 00
j Количество экземпляров (DOS) 3
t N записи в КСУ для И/У (DOS) 199901